| 000 | 00960nam a22002537a 4500 | ||
|---|---|---|---|
| 005 | 20240530110442.0 | ||
| 008 | 150421s2009 su ad g b 000 0 ara d | ||
| 017 |
_a21/1772 _bالسعودية . مكتبة الملك فهد الوطنية |
||
| 020 | _a9960664228 | ||
| 040 | _aEG-CaGPL | ||
| 082 | 0 | 4 |
_221 _a371.912\ _bف د |
| 100 | 0 | _aفهرام دردريان | |
| 245 | 1 | 0 |
_aدليل مقياس التمييز السمعى / _cاعداد و تطوير فهرام دردريان ؛ اشراف فاروق الروسان |
| 250 | _aط1 | ||
| 260 |
_aالرياض : _bدار الزهراء للنشر و التوزيع ، _c2009. |
||
| 300 |
_a38 ص : _bايض ؛ _c24 سم. |
||
| 504 | _aيشتمل على ارجاعات ببليوجرافية | ||
| 650 | 0 | 4 |
_aالسمع _xاضطرابات |
| 650 | 0 | 4 | _aالصم |
| 650 | 0 | 4 | _aالضغط السمعى |
| 650 | 0 | 4 | _aالحواس |
| 942 |
_2ddc _cBK |
||
| 999 |
_c61061 _d61061 |
||